LEADER 01887nam 2200589 450 001 9910461045903321 005 20200520144314.0 010 $a0-8047-9567-3 035 $a(CKB)3710000000411027 035 $a(MiAaPQ)EBC3568942 035 $a(Au-PeEL)EBL3568942 035 $a(CaPaEBR)ebr11055211 035 $a(OCoLC)932322643 035 $a(EXLCZ)993710000000411027 100 $a20150527h20152015 uy 0 101 0 $aeng 135 $aurcnu|||||||| 181 $2rdacontent 182 $2rdamedia 183 $2rdacarrier 200 10$aDrugs, thugs, and diplomats $eU.S. policymaking in Colombia /$fWinifred Tate 210 1$aStanford, California :$cStanford University Press,$d2015. 210 4$d©2015 215 $a1 online resource (300 pages) $cillustrations, photographs 225 1 $aAnthropology of Policy 311 $a0-8047-9566-5 311 $a0-8047-9201-1 320 $aIncludes bibliographical references and index. 410 0$aAnthropology of policy (Stanford, Calif.) 606 $aDrug control$zUnited States 606 $aDrug control$zColombia 606 $aMilitary assistance, American$zColombia 606 $aCounterinsurgency$zColombia 606 $aParamilitary forces$zColombia 607 $aUnited States$xForeign relations$zColombia 607 $aColombia$xForeign relations$zUnited States 607 $aColombia$xPolitics and government$y1974- 608 $aElectronic books. 615 0$aDrug control 615 0$aDrug control 615 0$aMilitary assistance, American 615 0$aCounterinsurgency 615 0$aParamilitary forces 676 $a327.730861 700 $aTate$b Winifred$f1970-$0975477 801 0$bMiAaPQ 801 1$bMiAaPQ 801 2$bMiAaPQ 906 $aBOOK 912 $a9910461045903321 996 $aDrugs, thugs, and diplomats$92221236 997 $aUNINA LEADER 03007nam 2200565 450 001 9910814532003321 005 20240207215352.0 024 7 $a10.31819/9783865278883 035 $a(CKB)2560000000325213 035 $a(MiAaPQ)EBC4734260 035 $a(DE-B1597)516546 035 $a(OCoLC)1091666397 035 $a(DE-B1597)9783865278883 035 $a(MiAaPQ)EBC6356075 035 $a(Au-PeEL)EBL6356075 035 $a(OCoLC)1156729822 035 $a(OCoLC)984776116 035 $a(FINmELB)ELB113646 035 $a(EXLCZ)992560000000325213 100 $a20220524d2000 uy 0 101 0 $aspa 135 $aurcnu|||||||| 181 $2rdacontent 182 $2rdamedia 183 $2rdacarrier 200 00$aTeori?a y pra?ctica del contacto $eel espan?ol de Ame?rica en el candelero /$fJulio Calvo Pe?rez, editor 210 1$aMadrid, Spain ;$aFrankfurt am Main, Germany :$cIberoamericana :$cVervuert,$d[2000] 210 4$d©2000 215 $a1 online resource (211 pa?ginas) 225 0 $aLengua y Sociedad en el Mundo Hispánico ;$v6 311 0 $a84-95107-91-0 311 0 $a3-86527-888-4 320 $aIncludes bibliographical references. 327 $tFront matter --$tÍndice General --$tPresentación --$tEl contacto de lenguas y la singularidad americana /$rLópez Garcia, Ángel --$tTransferencias aspectuales en el español americano en contacto /$rJorques Jiménez, Daniel --$tNáhuatl y español en contacto: en torno a la noción de sincretismo /$rHernández Sacristán, Carlos --$tPartículas en castellano andino /$rCalvo Pérez, Julio --$tAlgunos rasgos fónicos de interferencia del guaraní en el español del Paraguay /$rPruñonosa, Manuel --$tEl sistema pronominal del español paraguayo: un caso de contacto de lenguas /$rPalacios Alcaine, Azucena --$tPor un programa de investigación del español indígena en México /$rFlores Farfán, Jose Antonio --$tLos criollos de base lexical española /$rBartens, Ángela --$tEl español en los Estados Unidos a principios del siglo XXI: Apuntes relativos a la investigación sobre la variedad de la lengua y la coexistencia con el inglés en las comunidades bilingües /$rRoca, Ana --$tReferencias 330 $aNueve estudios sobre el contacto del español con las principales lenguas amerindias (quechua, aymara, mapuche, náhuatl), el español de los EE.UU., y las lenguas criollas de base lexical española. 410 0$aLengua y sociedad en el mundo hispa?nico ;$v6. 606 $aSpanish language$zAmerica 606 $aLanguages in contact$zAmerica 615 0$aSpanish language 615 0$aLanguages in contact 676 $a467/.97 700 $aCalvo-Pe?rez$b J$g(Julio),$4aut$4http://id.loc.gov/vocabulary/relators/aut$0555463 702 $aCalvo-Pe?rez$b J$g(Julio), 801 0$bMiAaPQ 801 1$bMiAaPQ 801 2$bMiAaPQ 906 $aBOOK 912 $a9910814532003321 996 $aTeori?a y pra?ctica del contacto$93947076 997 $aUNINA